Cargando…

Taking Root : Narratives of Jewish Women in Latin America /

Detalles Bibliográficos
Clasificación:Libro Electrónico
Otros Autores: Agosín, Marjorie
Formato: Electrónico eBook
Idioma:Inglés
Publicado: Athens, Ohio : Ohio University Press, 2002.
Colección:Book collections on Project MUSE.
Temas:
Acceso en línea:Texto completo

MARC

LEADER 00000cam a22000004a 4500
001 musev2_7046
003 MdBmJHUP
005 20230905040821.0
006 m o d
007 cr||||||||nn|n
008 020114s2002 ohu o 00 0 eng d
010 |z  2002016986 
020 |a 9780896804258 
020 |z 9780896802261 
020 |z 0896804259 
020 |z 0896802264 
035 |a (OCoLC)656934767 
040 |a MdBmJHUP  |c MdBmJHUP 
043 |a cl-----  |a n-us--- 
050 0 4 |a F1419.J4  |b T36 2002 
082 0 |a 305.48/892408/0922  |a B  |2 21 
245 0 0 |a Taking Root :   |b Narratives of Jewish Women in Latin America /   |c edited by Marjorie Agosín. 
264 1 |a Athens, Ohio :  |b Ohio University Press,  |c 2002. 
264 3 |a Baltimore, Md. :  |b Project MUSE,   |c 2012 
264 4 |c ©2002. 
300 |a 1 online resource. 
336 |a text  |b txt  |2 rdacontent 
337 |a computer  |b c  |2 rdamedia 
338 |a online resource  |b cr  |2 rdacarrier 
546 |a Some essays were translated from Spanish. 
588 |a Description based on print version record. 
650 0 |a Immigrants  |z Latin America. 
650 0 |a Jews, Latin American  |z United States  |v Biography. 
650 0 |a Jewish women  |z Latin America  |v Biography. 
651 0 |a Latin America  |x Emigration and immigration. 
655 7 |a Electronic books.   |2 local 
700 1 |a Agosín, Marjorie. 
710 2 |a Project Muse.  |e distributor 
830 0 |a Book collections on Project MUSE. 
856 4 0 |z Texto completo  |u https://projectmuse.uam.elogim.com/book/7046/ 
945 |a Project MUSE - Custom Collection 
945 |a Project MUSE - Archive Complete Foundation 
945 |a Project MUSE - Archive History Foundation 
945 |a Project MUSE - Archive Jewish Studies Foundation